00370nam a2200157Ia 4500008004100000020001500041041001200056082001600068100002000084245002300104250000800127260003700135300000800172650001500180700001700195221030s9999 xx 000 0 und d a8192701979 aEnglish a105.23bSch aL. G. Schiffman 0aConsumer Behaviour a8th bPearson EducationaDelhic2004 a587 aManagement aL. L . Kanuk